Die Transformation Osteuropas
| Titel: | Die Transformation Osteuropas : eine Herausforderung für sozialwissenschaftliche Theorien / vorgelegt von Dirk Heinrich |
|---|---|
| Verfasser: | |
| Veröffentlicht: | 2000 |
| Umfang: | 1 Online-Ressource |
| Format: | E-Book |
| Sprache: | Deutsch |
| Hochschulschrift: | Dissertation, Ruhr-Universität Bochum, 2001 |
X
alg: 9960675 001A $06000:01-08-01 001B $01999:19-12-24 $t14:35:01.000 001D $06000:01-08-01 001U $0utf8 001X $00 002@ $0Oaxaf 002C $aText $btxt $2rdacontent 002D $aComputermedien $bc $2rdamedia 002E $aOnline-Ressource $bcr $2rdacarrier 003@ $0099606755 003O $076231008 $aOCoLC 004U $0urn:nbn:de:hbz:294-2321 $S0 006G $0961770090 006U $001,H08,0135 007A $0961770090 $aDNB 007T $0Herdhh099606755 009Q $S0 $uhttp://d-nb.info/961770090/34 $xN 009Q $S0 $sca. 2,0 MB=q application/pdf $uhttp://www-brs.ub.ruhr-uni-bochum.de/netahtml/HSS/Diss/HeinrichDirk/diss.pdf $xH 010@ $ager 011@ $a2000 $n2000 013D $RWissenschaftliche Literatur $#Dissertations, Academic $#Thèses et écrits académiques $74113937-9 $8Hochschulschrift [Ts1] $9085338818 021A $aDie @Transformation Osteuropas $deine Herausforderung für sozialwissenschaftliche Theorien $hvorgelegt von Dirk Heinrich 028A $BVerfasser $D20220215 $4aut $Ecgwrk $7173468756 $8Heinrich, Dirk$Z1968- [Tp6] $9297642960 034D $a1 Online-Ressource 037C $dDissertation $eRuhr-Universität Bochum $f2001 041A/80 $i8.1 041A/90 $hXA 044K $qDNB $REuropa $ROstblock $ROstmitteleuropa $#Europa, Ost $#Östliches Europa $#Central Europe Osteuropa $74075739-0 $8Osteuropa [Tg1] $9085214396 044K $qDNB $RStaat $RStaatsform $RHerrschaftssystem $#Régimes politiques $#political systems $#Politisches System $#politisches System $#Politisches System $#Regierungssystem $#Regierungsform $#Regierungssystem $74046584-6 $8Politisches System [Ts1] $9085130036 044K $qDNB $#Umsetzung $74451062-7 $8Transformation [Ts1] $908884580X 045E $a16 045F $a900.943709049 $eDDC23BSB 045F/01 $a900 045F/03 $f09049 045F/03 $f090511 045F/03 $f090512 045F/03 $g437 lok: 9960675 3 101B $020-03-07 $t14:10:25.000 101C $020-03-07 101U $0utf8 145S/01 $a007 exp: 9960675 3 1 #EPN 201B/01 $012-10-10 $t16:56:30.000 201U/01 $0utf8 203@/01 $0162217269 204U/01 $0urn:nbn:de:hbz:294-2321 $S0 208@/01 $a02-08-01 $bl lok: 9960675 5 exp: 9960675 5 1 #EPN 201B/01 $012-10-10 $t16:56:37.000 201U/01 $0utf8 203@/01 $0162217277 204U/01 $0urn:nbn:de:hbz:294-2321 $S0 208@/01 $a02-08-01 $bl lok: 9960675 8 exp: 9960675 8 1 #EPN 201B/01 $012-10-10 $t16:56:37.000 201U/01 $0utf8 203@/01 $0162217285 204U/01 $0urn:nbn:de:hbz:294-2321 $S0 208@/01 $a02-08-01 $bl lok: 9960675 10 exp: 9960675 10 1 #EPN 201B/01 $012-10-10 $t16:56:37.000 201U/01 $0utf8 203@/01 $0162217293 204U/01 $0urn:nbn:de:hbz:294-2321 $S0 208@/01 $a02-08-01 $bl lok: 9960675 11 exp: 9960675 11 1 #EPN 201B/01 $012-10-10 $t16:56:37.000 201U/01 $0utf8 203@/01 $0162217307 204U/01 $0urn:nbn:de:hbz:294-2321 $S0 208@/01 $a02-08-01 $bl lok: 9960675 20 exp: 9960675 20 1 #EPN 201B/01 $012-10-10 $t16:56:37.000 201U/01 $0utf8 203@/01 $0162217323 204U/01 $0urn:nbn:de:hbz:294-2321 $S0 208@/01 $a02-08-01 $bl lok: 9960675 21 exp: 9960675 21 1 #EPN 201B/01 $012-10-10 $t16:56:37.000 201U/01 $0utf8 203@/01 $0162217331 204U/01 $0urn:nbn:de:hbz:294-2321 $S0 208@/01 $a02-08-01 $bl lok: 9960675 23 exp: 9960675 23 1 #EPN 201B/01 $012-10-10 $t16:56:38.000 201U/01 $0utf8 203@/01 $016221734X 204U/01 $0urn:nbn:de:hbz:294-2321 $S0 208@/01 $a02-08-01 $bl lok: 9960675 24 exp: 9960675 24 1 #EPN 201B/01 $012-10-10 $t16:56:39.000 201U/01 $0utf8 203@/01 $0162217358 204U/01 $0urn:nbn:de:hbz:294-2321 $S0 208@/01 $a02-08-01 $bl lok: 9960675 25 exp: 9960675 25 1 #EPN 201B/01 $012-10-10 $t16:56:41.000 201U/01 $0utf8 203@/01 $0162217366 204U/01 $0urn:nbn:de:hbz:294-2321 $S0 208@/01 $a02-08-01 $bl lok: 9960675 36 exp: 9960675 36 1 #EPN 201B/01 $014-08-22 $t00:44:24.716 201C/01 $013-08-22 201U/01 $0utf8 203@/01 $01212396642 204U/01 $0urn:nbn:de:hbz:294-2321 $S0 208@/01 $a13-08-22 $bl lok: 9960675 49 exp: 9960675 49 1 #EPN 201B/01 $013-12-19 $t16:35:45.627 201C/01 $013-12-19 201U/01 $0utf8 203@/01 $01072777304 204U/01 $0urn:nbn:de:hbz:294-2321 $S0 208@/01 $a13-12-19 $bl lok: 9960675 54 exp: 9960675 54 1 #EPN 201B/01 $013-12-19 $t16:35:45.631 201C/01 $013-12-19 201U/01 $0utf8 203@/01 $01072777312 204U/01 $0urn:nbn:de:hbz:294-2321 $S0 208@/01 $a13-12-19 $bl lok: 9960675 78 exp: 9960675 78 1 #EPN 201B/01 $019-04-17 $t18:53:35.000 201U/01 $0utf8 203@/01 $0794063861 208@/01 $a12-11-16 $be 209A/01 $a/ $f000 $x00 244Z/01 $2Trx $#Kesk- ja Ida- Euroopa kontseptsioonid $#Vidurio Europos koncepcijos $#East-Central Europe $#Keletközépeurópa-eszmék $#Europa Środkowo-Wschodnia koncepcje $#Európa stredovýchodná koncepcie $#Evropa střední, východní část koncepce $#Mitteleuropa $#Osteuropakonzeptionen $#Europa Środkowa koncepcje $#Stredná Európa koncepcie $#Střední Europa koncepce $8--Trx--Ostmitteleuropakonzeptionen $x01 $9391364286 244Z/01 $aPolitisches System $x02 244Z/01 $2Trx $#transformatsioon 1989- $#transformacijos 1989- $#transformation 1989- $#átalakítás 1989- $#transformacje ustrojowe 1989- $#transformácia 1989- $#transformace 1989- $8--Trx--Transformation$g1989- $x03 $9391366122 244Z/01 $2Trx $8--Trx--elektronische Ressource $x04 $939138452X 245Z/01 $a06.04.05 $x01 247C/01 $82080>Marburg/Lahn, Herder-Institut, Forschungsbibliothek, Bibliographieportal $9336309341 lok: 9960675 108 exp: 9960675 108 1 #EPN 201B/01 $025-07-20 $t13:50:38.000 201C/01 $013-12-19 201U/01 $0utf8 203@/01 $01072777320 204U/01 $0urn:nbn:de:hbz:294-2321 $S0 208@/01 $a13-12-19 $bl lok: 9960675 204 exp: 9960675 204 1 #EPN 201B/01 $012-10-10 $t16:56:41.000 201U/01 $0utf8 203@/01 $0162217390 204U/01 $0urn:nbn:de:hbz:294-2321 $S0 208@/01 $a02-08-01 $bl lok: 9960675 205 exp: 9960675 205 1 #EPN 201B/01 $012-10-10 $t16:56:42.000 201U/01 $0utf8 203@/01 $0162217404 204U/01 $0urn:nbn:de:hbz:294-2321 $S0 208@/01 $a02-08-01 $bl
| LEADER | 00000cam a22000002c 4500 | ||
|---|---|---|---|
| 001 | 099606755 | ||
| 003 | DE-603 | ||
| 005 | 20241219143501.0 | ||
| 007 | cr|||||||||||| | ||
| 008 | 010801s2000 xx |||| om u00||u|ger | ||
| 015 | |a 01,H08,0135 |2 dnb | ||
| 016 | 7 | |2 DE-101 |a 961770090 | |
| 024 | 7 | |a urn:nbn:de:hbz:294-2321 |2 urn | |
| 035 | |a (DE-599)DNB961770090 | ||
| 035 | |a (OCoLC)76231008 | ||
| 040 | |a DE-603 |b ger |c DE-603 |d DE-603 | ||
| 041 | |a ger | ||
| 043 | |c XA | ||
| 082 | 0 | 4 | |8 1\u |a 900.943709049 |q DE-101 |2 23/BSB |
| 084 | |a 16 |q DE-101 |2 sdnb | ||
| 084 | |a 8.1 |q DE-101 |2 sdnb | ||
| 085 | |8 1\u |b 900 | ||
| 085 | |8 1\u |z 1 |s 09049 | ||
| 085 | |8 1\u |z 1 |s 090511 | ||
| 085 | |8 1\u |z 1 |s 090512 | ||
| 085 | |8 1\u |z 2 |s 437 | ||
| 100 | 1 | |a Heinrich, Dirk |d 1968- |e Verfasser |4 aut |0 (DE-603)297642960 |0 (DE-588)173468756 |2 gnd | |
| 245 | 0 | 0 | |a Die Transformation Osteuropas |b eine Herausforderung für sozialwissenschaftliche Theorien |c vorgelegt von Dirk Heinrich |
| 264 | 0 | |c 2000 | |
| 300 | |a 1 Online-Ressource | ||
| 336 | |a Text |b txt |2 rdacontent | ||
| 337 | |a Computermedien |b c |2 rdamedia | ||
| 338 | |a Online-Ressource |b cr |2 rdacarrier | ||
| 502 | |b Dissertation |c Ruhr-Universität Bochum |d 2001 | ||
| 650 | 7 | |a Politisches System |0 (DE-588)4046584-6 |0 (DE-603)085130036 |2 gnd | |
| 650 | 7 | |a Transformation |0 (DE-588)4451062-7 |0 (DE-603)08884580X |2 gnd | |
| 651 | 7 | |a Osteuropa |0 (DE-588)4075739-0 |0 (DE-603)085214396 |2 gnd | |
| 655 | 7 | |a Hochschulschrift |2 gnd-content |0 (DE-588)4113937-9 |0 (DE-603)085338818 | |
| 856 | |u http://d-nb.info/961770090/34 |x Langzeitarchivierung Nationalbibliothek |z kostenfrei | ||
| 856 | |u http://www-brs.ub.ruhr-uni-bochum.de/netahtml/HSS/Diss/HeinrichDirk/diss.pdf |x Verlag |z kostenfrei |s ca. 2,0 MB=q application/pdf | ||
| 924 | 1 | |9 603 |a (DE-603)162217269 |b DE-603 |c HES |d d | |
| 924 | 1 | |9 603 |a (DE-603)162217277 |b DE-603 |c HES |d d | |
| 924 | 1 | |9 603 |a (DE-603)162217285 |b DE-603 |c HES |d d | |
| 924 | 1 | |9 603 |a (DE-603)162217293 |b DE-603 |c HES |d d | |
| 924 | 1 | |9 603 |a (DE-603)162217307 |b DE-603 |c HES |d d | |
| 924 | 1 | |9 603 |a (DE-603)162217323 |b DE-603 |c HES |d d | |
| 924 | 1 | |9 603 |a (DE-603)162217331 |b DE-603 |c HES |d d | |
| 924 | 1 | |9 603 |a (DE-603)16221734X |b DE-603 |c HES |d d | |
| 924 | 1 | |9 603 |a (DE-603)162217358 |b DE-603 |c HES |d d | |
| 924 | 1 | |9 603 |a (DE-603)162217366 |b DE-603 |c HES |d d | |
| 924 | 1 | |9 603 |a (DE-603)1212396642 |b DE-603 |c HES |d d | |
| 924 | 1 | |9 603 |a (DE-603)1072777304 |b DE-603 |c HES |d d | |
| 924 | 1 | |9 603 |a (DE-603)1072777312 |b DE-603 |c HES |d d | |
| 924 | 1 | |9 2080 |a (DE-603)794063861 |b DE-2080 |c HES |d d |g / | |
| 924 | 1 | |9 603 |a (DE-603)1072777320 |b DE-603 |c HES |d d | |
| 924 | 1 | |9 603 |a (DE-603)162217390 |b DE-603 |c HES |d d | |
| 924 | 1 | |9 603 |a (DE-603)162217404 |b DE-603 |c HES |d d | |


